Budgetprozesse und Budgetdisziplin Kontrolle staatlicher Defizite

Saved in:
Bibliographic Details
Main Author: Stanowsky, Jürgen
Format: Book
Language:German
Published: Frankfurt am Main Peter Lang 1997
Series:Europäische Hochschulschriften Reihe 5, Volks- und Betriebswirtschaft, Bd. 2148
Subjects:
Tags: Add Tag
No Tags, Be the first to tag this record!

MARC

LEADER 00000nam a2200000 4500
001 c101913
005 20221124074439.2
020 |a 3-631-31763-8 
022 |a 0531-7339 
041 0 |a ger 
044 |a de 
245 1 0 |a Budgetprozesse und Budgetdisziplin  |b Kontrolle staatlicher Defizite  |c Jürgen Stanowsky 
264 1 |a Frankfurt am Main  |b Peter Lang  |c 1997 
300 |a 227 s. 
490 1 |a Europäische Hochschulschriften  |v Reihe 5, Volks- und Betriebswirtschaft, Bd. 2148 
830 0 |a Europäische Hochschulschriften  |v Reihe 5, Volks- und Betriebswirtschaft, Bd. 2148 
610 2 0 |a rozpočet štátny 
610 2 0 |a príjmy rozpočtu štátneho 
610 2 0 |a výdavky rozpočtu štátneho 
610 2 0 |a politika hospodárska 
610 2 0 |a plánovanie rozpočtové 
610 2 0 |a analýzy 
610 2 0 |a hospodárstvo trhové 
610 2 0 |a vláda 
610 2 0 |a deficit rozpočtový 
610 2 0 |a kontrola 
100 1 |a Stanowsky, Jürgen